Italian Language Body Parts #2 - Statistics

General Stats
  • This quiz has been taken 13 times
  • The average score is 12 of 21
Answer Stats
Hint Answer % Correct
lips labbra
100%
shoulder spalla
100%
stomach stomaco
100%
jaw macella
80%
palm palma
80%
breast petto
80%
butt sedere
80%
eyelashes ciglia
60%
forehead fronte
60%
throat gola
60%
eyebrow sopracciglio
60%
hip anca
40%
ankle caviglia
40%
thigh coscia
40%
cheek guancia
40%
chin mento
40%
wrist polso
40%
heel tallone
40%
waist vita
40%
elbow gomito
20%
shin stinco
20%
No matching quizzes found
Score Distribution
Percent of People with Each Score
Percentile by Number Answered
Your Score History
You have not taken this quiz